000 00362nam a22001577a 4500
003 SGT
020 _a9788131262832
082 _a617.6
_bM24R
100 _aResnik, Randolph R.
245 _aMisch's Contemporary Implant Dentistry
250 _a4th South Asia
260 _bElsevier
_c2024
300 _a1241
650 _aImplant Dentistry
942 _2ddc
_cBK
999 _c32865
_d32865